The New Managerialism and Public Service Professions : Change in Health, Social Services, and Housing /
Tallennettuna:
| Päätekijä: | |
|---|---|
| Muut tekijät: | , |
| Aineistotyyppi: | Kirja |
| Kieli: | englanti |
| Julkaistu: |
Houndmills, Inglaterra :
Palgrave,
2005, c2005
Boulder, EUA : NetLibrary [distribución], 2006 |
| Aiheet: | |
| Linkit: | Ver documento en línea |
| Tagit: |
Ei tageja, Lisää ensimmäinen tagi!
|
MARC
| LEADER | 00000nam^a2200000^a^4500 | ||
|---|---|---|---|
| 001 | 000194619 | ||
| 005 | 20251023000000.0 | ||
| 009 | 20260310102722.189 | ||
| 020 | |a 978-0-2305-0359-5 | ||
| 037 | |a Acervo ITESO - Biblioteca | ||
| 041 | |a ING | ||
| 082 | |a 354. 0942085 |b KIR | ||
| 100 | |a Kirkpatrick, Ian |e (autor) | ||
| 245 | 1 | 4 | |a The New Managerialism and Public Service Professions : |b Change in Health, Social Services, and Housing / |c I. Kirkpatrick, S. Ackroyd, R.M. Walker. |
| 264 | 4 | |a Houndmills, Inglaterra : |b Palgrave, |c 2005, c2005 | |
| 264 | 4 | |a Boulder, EUA : |b NetLibrary [distribución], |c 2006 | |
| 300 | |a 1 libro electrónico en línea (X, 215 p.) | ||
| 336 | |a datos para computadora |b cod |2 rdacontenido | ||
| 337 | |a computadora |b c |2 rdamedio | ||
| 338 | |a recurso en línea |b cr |2 rdasoporte | ||
| 506 | 1 | |a 1 licencia | |
| 649 | |a XX | ||
| 650 | |a Servicios Médicos y de Salud - |z Inglaterra | ||
| 650 | |a Vivienda de Interés Social - |z Inglaterra | ||
| 650 | |a Trabajo Social - |z Inglaterra | ||
| 650 | |a Asistencia Pública - |z Inglaterra - |x Tema Principal | ||
| 650 | |a Servicios Públicos - |z Inglaterra - |x Administración - |x Tema Principal | ||
| 650 | |a Reforma Administrativa - |z Inglaterra | ||
| 650 | |a Administración Pública - |z Inglaterra | ||
| 650 | |a Política - |z Inglaterra - |x Historia - |y Siglo XX | ||
| 700 | |a Ackroyd, Stephen |e (autor) | ||
| 700 | |a Walker, Richard M. |e (autor) | ||
| 856 | 4 | 0 | |u https://ezproxy.iteso.mx/login?url=https://search.ebscohost.com/login.aspx?direct=true&scope=site&db=nlebk&db=nlabk&AN=159281 |y Ver documento en línea |
| 910 | |a Fondo General | ||
| 920 | |a Electrónicos - Libros en Línea | ||
| 930 | |a Plataforma Digital | ||
| 905 | |a 205 | ||
| 901 | |a 194619 |b IT2 |c EBO |i C161 |u 20250521 | ||
| 902 | |a https://opac.biblio.iteso.mx/vufind/Record/000194619 | ||